Provincias de España con las primeras dos letras - Estadísticas

Estadísticas generales
  • Esta prueba ha sido intentada 193 veces
  • La puntuación promedio es 31 de 50
Estadísticas de respuestas
Respuesta % Correcto
GR / CA
93%
CA
89%
CA
89%
CA
89%
CA
89%
AC / LA / CO
86%
AR / AL
85%
BA
85%
BA
85%
BA
85%
AL
84%
AL
84%
AL
84%
MA
79%
MA
79%
VA
79%
VA
79%
SE
70%
SE
70%
LL / LE
67%
GU / GI
63%
HU
63%
HU
63%
GI / GE
60%
LA / RI
60%
LU
60%
ZA
60%
ZA
60%
CO
59%
PO
56%
VI / BI
55%
AS
53%
SA
53%
OU / OR
52%
TA
52%
LE
51%
GR
50%
MU
49%
GU
47%
TE
46%
TE
46%
PA
43%
JA
38%
SO
37%
BU
35%
NA
30%
CU
29%
TO
25%
AV
24%
CI
19%
No se encontraron pruebas coincidentes
Distribución de puntuación
Porcentaje de gente con cada puntuación
Porcentaje por número respondido
Historial de tus puntuaciones
No has intentado esta prueba.